00257nam a2200097Ia 4500008004100000100002800041245001900069245002900088260000900117856003300126160531s9999 xx 000 0 und d aKamps, Bernd Sebastian. aParis by Kamps cby Bernd Sebastian Kamps c2013 uhttp://www.parisbykamps.com/